Speech of Hon. W.T. Willey, of Virginia : on the abolition of slavery in the District of Columbia /

Bibliographic Details
Main Author: Willey, Waitman T. (Waitman Thomas), 1811-1900 (Author)
Format: eBook
Language:English
Published: [Washington, D.C.] : Towers, printers, [1862]
Series:Slavery in America and the world: history, culture & law.
Subjects:
Online Access:Connect to the full text of this electronic book

MARC

Tag First Indicator Second Indicator Subfields
LEADER 00000cam a2200000 i 4500
001 in00004409422
005 20210123192030.0
006 m fo d
007 cr bn nnnauuuu
008 170415s1862 dcu o 000 0 eng d
035 |a ccn00795725 
040 |a NjRocCCS  |b eng  |e rda  |c NjRocCCS 
043 |a n-us-dc 
050 4 |a E445.D6  |b W54 1862 
100 1 |a Willey, Waitman T.  |q (Waitman Thomas),  |d 1811-1900,  |e author. 
245 1 0 |a Speech of Hon. W.T. Willey, of Virginia :  |b on the abolition of slavery in the District of Columbia /  |c delivered in the Senate of the United States, March 20, 1862. 
264 1 |a [Washington, D.C.] :  |b Towers, printers,  |c [1862] 
264 2 |a [Getzville, New York] :  |b William S. Hein and Company,  |c [2017] 
300 |a 1 online resource (16 pages). 
336 |a text  |b txt  |2 rdacontent 
337 |a computer  |b c  |2 rdamedia 
338 |a online resource  |b cr  |2 rdacarrier 
490 1 |a HeinOnline slavery in America and the world: history, culture & law 
588 |a Description based on PDF caption title, viewed April 15, 2017. 
650 0 |a Slavery  |z Washington (D.C.)  |v Speeches in Congress. 
650 0 |a Slaves  |x Emancipation  |z Washington (D.C.)  |v Speeches in Congress. 
655 7 |a Electronic books.  |2 local 
830 0 |a Slavery in America and the world: history, culture & law. 
856 4 0 |u http://proxy.library.tamu.edu/login?url=https://www.heinonline.org/HOL/Page?handle=hein.slavery/spwtwiva0001&id=1&size=2&collection=slavery&index=slavery  |z Connect to the full text of this electronic book  |t 0 
949 |a E 445 .D6 W54 1862  |w LC  |c 1  |i 795725-1001  |d 4/15/2017  |l MAIN  |m HEN  |q 1  |r Y  |s Y  |t WEB  |u 4/15/2017  |x ENG  |z N-US-DC 
999 f f |s e39133bf-46f5-30c2-a73e-a1854a876aaf  |i e1ac75b9-f1a7-31bc-98b1-174fcbed9b1c  |t 0 
952 f f |a Texas A&M University  |b College Station  |c Electronic Resources  |d Available Online  |t 0  |e E445.D6 W54 1862  |h Library of Congress classification 
998 f f |a E445.D6 W54 1862  |t 0  |l Available Online